Les 50 Plus Grosses Ventes De Manchester United - Statistiques

Statistiques générales
  • Ce quiz a été pris 168 fois
    36 depuis la dernière actualisation
  • Le résultat moyen est 23 sur 50
Statistiques - réponses
Joueur Club Acheteur Saison Nationalité Poste Prix du Transfert Ordre % Correct
ÁngelDi Maria Psg 15/16 Argentine A 63 000 000 € 3
100%
CristianoRonaldo Real Madrid 09/10 Portugal A 94 000 000 € 1
100%
RomeluLukaku Inter Milan 19/20 Belgique A 74 000 000 € 2
97%
ScottMctominay Napoli 24/25 Ecosse M 30 500 000 € 7
97%
AlejandroGarnacho Chelsea 25/26 Argentine A 46 200 000 € 4
90%
DavidBeckham Real Madrid 03/04 Angleterre M 37 500 000 € 5
90%
MasonGreenwood Om 24/25 Angleterre A 26 000 000 € 9
90%
Antony Real Betis 25/26 Brésil A 22 000 000 € 13
87%
AnthonyElanga NottinghamForest 23/24 Suède A 22 930 000 € 12
84%
HenrikhMkhitaryan Arsenal 17/18 Arménie M 34 000 000 € 6
84%
MemphisDepay OlympiqueLyonnais 16/17 Pays - Bas A 16 000 000 € 19
81%
MorganSchneiderlin Everton 16/17 France M 23 000 000 € 11
71%
DanielJames Leeds United 21/22 Pays De Galles A 29 100 000 € 8
68%
ChrisSmalling Roma 19/20 Angleterre D 18 000 000 € 16
65%
JavierHernandez Bayer Leverkusen 15/16 Mexique A 12 000 000 € 25
65%
Dean Henderson Crystal Palace 23/24 Angleterre G 17 500 000 € 18
61%
Fred Fenerbahce 23/24 Brésil M 9 740 000 € 30
58%
AaronWan - Bissaka West Ham 24/25 Angleterre D 17 600 000 € 17
55%
Juan SebastiánVerón Chelsea 03/04 Argentine M 21 800 000 € 14
55%
RasmusHojlund Napoli ( Pret ) 25/26 Danemark A 6 000 000 € 47
52%
RuudVan Nistelrooy Real Madrid 06/07 Pays - Bas A 15 000 000 € 21
52%
AdnanJanuzaj Real Sociedad 17/18 Belgique A 8 500 000 € 34
48%
MarouaneFellaini ShandongLuneng 18/19 Belgique M 7 200 000 € 40
48%
ShinjiKagawa BorussiaDortmund 14/15 Japon M 8 000 000 € 37
48%
DaleyBlind Ajax Amsterdam 18/19 Pays - Bas D 16 000 000 € 20
45%
DannyWelbeck Arsenal 14/15 Angleterre A 20 000 000 € 15
45%
HannibalMejbri Burnley 24/25 Tunisie M 6 400 000 € 44
42%
RobinVan Persie Fenerbahce 15/16 Pays - Bas A 6 500 000 € 43
42%
JaapStaam Lazio Roma 01/02 Pays - Bas D 25 750 000 € 10
39%
AndreasPereira Fulham 22/23 Brésil M 9 500 000 € 31
35%
AlvaroCarreras Benfica 25/26 Espagne D 14 300 000 € 22
32%
Nani Fenerbahce 15/16 Portugal A 6 000 000 € 45
32%
FacundoPellistri Panathaikos 24/25 Uruguay A 6 000 000 € 46
29%
GabrielHeinze Real Madrid 07/08 Argentine D 12 000 000 € 24
29%
JadonSancho Chelsea ( Pret ) 24/25 Angleterre A 5 900 000 € 48
29%
JonnyEvans West BromwichAlbion 15/16 IrlandeDu Nord D 8 300 000 € 35
29%
WillyKambwala Villarreal 24/25 France D 10 000 000 € 29
26%
AndyCole Blackburn Rovers 01/02 Angleterre A 12 200 000 € 23
23%
JamesGarner Everton 22/23 Angleterre M 10 400 000 € 27
19%
GiuseppeRossi Villarreal 07/08 Italie A 10 000 000 € 28
16%
Alexander Buttner DyanmoMoscou 14/15 Pays - Bas D 5 500 000 € 49
13%
BenFoster Birmingham City 10/11 Angleterre G 7 000 000 € 41
13%
PhilNeville Everton 05/06 Angleterre D 5 300 000 € 50
13%
AlanSmith Newcastle United 07/08 Angleterre M 9 000 000 € 33
10%
SamJohnstone West BromwichAlbion 18/19 Angleterre G 7 350 000 € 39
6%
AndreyKanchelskis Everton 95/96 Russie M 7 500 000 € 38
3%
KieranRichardson Sunderland 07/08 Angleterre D 8 200 000 € 36
3%
LeeSharpe Leeds United 96/97 Angleterre M 6 750 000 € 42
3%
PaulInce Inter Milan 95/96 Angleterre M 10 500 000 € 26
3%
Zoran Tosic Cska Moscou 10/11 Serbie A 9 500 000 € 32
3%
Aucun quiz correspondant
Distribution des résultats
% des personnes avec chaque résultat
Percentile par nombre de réponses
Votre historique - résultats
Vous n’avez pas pris ce quiz depuis la dernière actualisation